000 00369pab a2200145 454500
008 180718b2018 xxu||||| |||| 00| 0 eng d
100 _aChandra, Vikash
245 _aRising powers and the future international order
260 _c2018
300 _ap.10-24.
362 _aJan-Mar
650 _aInternational relations
773 _aWorld Affairs
909 _a116798
999 _c116792
_d116792